Statistics for Cities With the Same First Letter As Their State: Colorado

Click here to take the quiz!

General Stats

  • This quiz has been taken 56 times
  • The average score is 7 of 28

Answers on the Map

Answers color-coded by a green-red scale on the quiz's map according to % correct below.
 

Answer Stats

PopulationCity/Town% Correct
478,961Colorado Springs
100%
108,418Centennial
53%
73,158Castle Rock
44%
17,141Cañon City
40%
9,060Craig
38%
8,766Cortez
35%
1,502Columbine Valley
31%
11,036Castle Pines
29%
62,418Commerce City
29%
1,155Cripple Creek
27%
1,929Center
24%
6,434Carbondale
22%
141Crestone
20%
779Central City
18%
758Cheyenne Wells
18%
257Creede
18%
1,639Crested Butte
18%
103Campo
13%
2,279Cedaredge
13%
6,442Cherry Hills Village
13%
369Collbran
13%
403Crawford
13%
166Crowley
13%
364Coal Creek
11%
127Cokedale
11%
762Calhan
9%
237Cheraw
9%
133Crook
9%

Score Distribution

Percentile by Number Answered

Percent of People with Each Score

Your Score History

You have not taken this quiz